Commercial bank valuation

Bibliographic Details
Main Author: Miller, William D.
Format: Book
Published: New York : Mc Graw Hill , 1995
Subjects:

MARC

LEADER 00000cam a2200000 7i4500
001 0000003139
005 20050505.0
020 |a 0471128201 
040 |a INS 
090 0 0 |a HG1707.7.   |b M55 1995 
100 1 |a Miller, William D. 
245 1 0 |a Commercial bank valuation   |c William D. Miller 
260 |a New York :   |b Mc Graw Hill ,   |c 1995 
300 |a 263p. 
650 0 0 |a Banks and bankings   |x valuation 
999 |a 0000006715   |b BOOK   |c Open Shelf   |e Default branch